| 000 | 00450nam a2200145Ia 4500 | ||
|---|---|---|---|
| 999 |
_c19590 _d19590 |
||
| 082 | _aRV.0095 | ||
| 100 | _aVenkatachalapathi, B. | ||
| 245 | 0 |
_aRural education in Andhra Pradesh : A study of the Cuddapah district _b: |
|
| 260 |
_c0 _bICSSR, New Delhi |
||
| 300 | _a61p. | ||
| 650 | _aEDUCATION, RURAL - ANDHRA PRADESH - CUDDAPAH DISTRICT | ||
| 650 | _aRURAL EDUCATION//EDUCATION, RURAL | ||
| 710 | _aSri Venkateswara University | ||
| 942 |
_cRP _2ddc |
||